000 01266nam a2200277 i 4500
001 51259
003 ES-MaACL
007 t|
008 030812m19751980sp ||||1| spa d
020 _a84-311-0183-0
100 1 _aCharlot, Gaston.
_938090
245 1 0 _aCurso de química general /
_cde Gaston Charlot.
260 _aBarcelona :
_bToray Masson,
_c1975-1980.
300 _a4 v. ;
_c25 cm.
505 8 _aContiene: T. I: Soluciones acuosas y no acuosas / por Gaston Charlot ; versión castellana de Santiago Vicente Pérez. -- T. II: Métodos electroquímicos y absorciométricos. Cromatografía / por Gaston Charlot ; versión castellana de Jorge Calmet Fontané y José García Monjo. T. III-IV: Ejercicios / por Magdeleine Machtinger, Robert Rosset ; versión castellana de Jorge Calmet Fontané y José García Monjo
700 1 _aVicente Pérez, Santiago.
_9114369
700 1 _aCalmet Fontané, Jorge.
_933765
700 1 _aGarcía Monjo, José.
_954970
700 1 _aMachtinger, Magdeleine.
_975199
700 1 _aRosset, Robert.
_999850
740 0 _aSoluciones acuosas y no acuosas.
740 0 _aMétodos electroquímicos y absorciométricos.
740 0 _aCormatografía.
740 0 _aEjercicios.
852 _aES-MaACL
_jG-13339-42
_bR.115081
999 _c51259
_d51259